| 000 | 01985nam a2200217Ia 4500 | ||
|---|---|---|---|
| 003 | Ost | ||
| 005 | 20260507075724.0 | ||
| 008 | 260507s9999||||xx |||||||||||||| ||und|| | ||
| 040 | _cfsecg | ||
| 041 | _aara | ||
| 082 | _a602 | ||
| 100 |
_aزين الدين، صلاح _eمؤلف |
||
| 245 | 0 |
_aتكنولوجيا المعلومات والتنمية : _bالطريق الى مجتمع المعرفة و مواجهة الفجوة التكنولوجية في مصر / _c صلاح زين الدين |
|
| 260 |
_aالقاهرة: _bمكتبة الشروق الدولية, _c2002 |
||
| 300 | _a156 صفحة؛ | ||
| 504 | _aمراجع ص.141 | ||
| 520 | _aالانتقال من عصر الصناعة الى عصر المعلومات و ماهية تكنولوجيا المعلومات و مواجهة التخلف و طبيعة التحول الى اقتصاد المعرفة كما تم تناول اهم استخدامات و تطبيقات تكنولوجيا المعلومات و تأثيراتها على مستوى التشغيل و معدلات النمو و شروط نجاح تكنولوجيا المعلومات للقيام بدورها التنموي كما تم التطرق الى دور التكنولوجيا في تقسيم العمل الدولي و الدول النامية و مواجهة الفجوة التكنولوجية و دور الاتفاقيات و المنظمات الدوليةفي انتشار تكنولوجيا المعلومات و أخيرا واقع صناعة تكنوجيا المعلومات و الاتصالات في مصر و الاطار التشريعي و المؤسسي المؤثر في تكنولوجيا المعلومات و دراسة لمشكلات الطلب و العرض لتكنولوجيا المعلومات في مصر و صناعة برمجيات الكمبيوتر في مصر و أمكانيات تطويرها .. | ||
| 653 | _aالتنمية | ||
| 653 | _aتكنولوجيا المعلومات | ||
| 942 | _cكتاب | ||
| 999 |
_c45959 _d45959 |
||